Nuevos bloques de viviendas: bloques laminares, casas-torre, casas escalonadas

محفوظ في:
التفاصيل البيبلوغرافية
المؤلفون الرئيسيون: Hassenpflug, Gustav (مؤلف), Peters, Paulhans (مؤلف)
التنسيق: كتاب
اللغة:الإسبانية
منشور في: Barcelona Gustavo Gili 1967
الموضوعات:
الوسوم: إضافة وسم
لا توجد وسوم, كن أول من يضع وسما على هذه التسجيلة!

MARC

LEADER 00000nam a2200000 a 4500
001 UCN7359
003 CL-VaPUC
008 011018e19670000SP |||||||||||||||||spa|d
082 0 4 |a 721.0443  |b HAS  |2 21 
100 0 |a Hassenpflug, Gustav  |e author  |9 463296 
700 0 |a Peters, Paulhans  |e author  |9 463297 
245 1 0 |a Nuevos bloques de viviendas: bloques laminares, casas-torre, casas escalonadas 
300 |a 210 p 
942 |c BK 
945 |d 20011018 00:00:00  |a cmena 
260 |a Barcelona  |b Gustavo Gili  |c 1967 
650 0 |a Viviendas  |x Bloques de hormigón  |9 463298 
650 0 |a Diseño arquitectónico   |9 265271 
650 0 |a Bloques de viviendas  |9 463299 
583 |a last modification  |c 20011018 00:00:00  |k Rodrigo Vera 
999 |c 297731  |d 297729 
952 |0 0  |1 0  |4 0  |6 721_044300000000000_HAS_1967  |7 0  |8 A  |9 352685  |a BIBARQ  |b BIBARQ  |d 2019-11-21  |i 3730530  |o 721.0443 HAS 1967  |p 3730530  |r 2025-01-20  |w 2019-11-21  |y BK  |k ARQ